000
00230nam a2200097Ia 4500
001
986676
005
20250826221105.0
008
250824s9999 xx 000 0 und d
245
0
_a
ÇALINAN MEKTUP
_c
EDGAR ALLAN POE
260
_b
KETEBE
999
_c
986676
_d
986676